| 000 | 00694cab a2200229 4500 | ||
|---|---|---|---|
| 001 | ABS57983 | ||
| 008 | 090401t1997 xxu||||| |||| 00| 0 eng d | ||
| 035 | _a(Sirsi) u82376 | ||
| 041 | _aeng | ||
| 100 | _aVerkaik, R. | ||
| 245 | _aRound the houses | ||
| 260 | _c1997 | ||
| 350 | _a0 | ||
| 490 |
_aLaw Society`s Gazette _v94(44) 19 November 1997, 24-30(7) |
||
| 520 | _aReviews possible options for the solicitor in conveyancing practice who wants to expand into property selling. | ||
| 650 | _aCONVEYANCING | ||
| 650 | _aSOLICITORS PROPERTY CENTRES | ||
| 650 | _aSOLICITORS | ||
| 690 | _aMANAGEMENT-BUSINESS MANAGEMENT-PROFESSIONAL PRACTICE | ||
| 942 | _n0 | ||
| 948 | _c27/11/1997 | ||
| 999 |
_c51997 _d51997 |
||